| 000 | 00000nam##2200000za#4500 |
| 001 | 9.698906 |
| 003 | CaOODSP |
| 005 | 20240527135429 |
| 007 | cr ||||||||||| |
| 008 | 150407|2014||||xxc|||||o f|0| 0 eng|d |
| 020 | |a978-1-100-23269-0 |
| 040 | |aCaOODSP|beng |
| 043 | |an-cn--- |
| 086 | 1 |aCW66-383/2014E-PDF |
| 110 | 2 |aCanadian Wildlife Service. |
| 245 | 10|aBig Creek National Wildlife Area |h[electronic resource] |
| 260 | |aOttawa - Ontario : |bEnvironment Canada. |cc2014. |
| 300 | |a1p.|bmap, photographs |
| 590 | |a15-11|b2015-03-13 |
| 690 | 07|aWildlife management|2gcpds |
| 690 | 07|aConservation areas|2gcpds |
| 775 | 08|tReserve nationale de faune du ruisseau Big Creek |w(CaOODSP)9.642889 |
| 776 | 0#|tBig Creek National Wildlife Area |w(CaOODSP)9.674053 |
| 776 | 0#|tRéserve nationale de faune du ruisseau Big Creek |w(CaOODSP)9.674054 |
| 856 | 40|ahttp://publications.gc.ca|qPDF|s483 KB|uhttps://publications.gc.ca/collections/collection_2015/ec/CW66-383-2014-eng.pdf |